| 000 | 00733nam a2200217 a 4500 | ||
|---|---|---|---|
| 005 | 20240925064212.0 | ||
| 008 | 991125s1960 fr 000 0 fre u | ||
| 035 | _aUPN01000034838 | ||
| 049 | _aCG | ||
| 050 | 4 |
_aBF431 _bZ3.4 |
|
| 100 | 1 |
_aZazzo, René, _d1910-1995 _930922 |
|
| 245 | 1 | 2 |
_aL'épreuve du bestiaire ; Les animaux ; Les ages de la vie ; La dualité des sexes et le mariage / _cRené Zazzo, Tania Mathon. |
| 260 |
_aSuise : _bDelachaux & Niestlé, _c1960. |
||
| 300 | _a73 p. | ||
| 440 | 0 |
_aManuel pour l'examen psychologique de l'enfant ; _v9 |
|
| 650 | 4 |
_aNiño, Estudio del _9221 |
|
| 650 | 4 |
_aCARACTER - _xPRUEBAS _96676 |
|
| 650 | 4 |
_aPruebas mentales _915534 |
|
| 700 | 1 |
_aMathon, Tania, _ecoaut. |
|
| 905 | _aLibro | ||
| 999 |
_c34838 _d34838 |
||